| 000 | 01025nam0a22002531 4500 | ||
|---|---|---|---|
| 001 | rc\2690261 | ||
| 005 | 20260406082555.0 | ||
| 035 | _a(NLR Aleph) 006818553 | ||
| 090 |
_a6418761 _c6418761 |
||
| 100 | _a20110915d1933 |||y0rusy50 ca | ||
| 101 | 0 | _arus | |
| 102 | _aRU | ||
| 105 | _ay z ||||| | ||
| 200 | 1 |
_aВосемнадцатое брюмера Луи Бонапарта _f[С предисл. Ф. Энгельса к 3-му нем. изд.] |
|
| 210 |
_aМосква _cПарт. изд-во _d1933 |
||
| 215 |
_a127 с. _d19 см. |
||
| 225 | 1 |
_aСерия "Двухтомника" К. Маркса и Ф. Энгельса _fИн-т Маркса-Энгельса-Ленина при ЦК ВКП(б) _vВып. 17 |
|
| 700 | 1 |
_aМаркс _bК. _f1818-1883 _gКарл |
|
| 702 | 1 |
_4080 _7ca _8rus _aЭнгельс _bФ. _cполит. деятель _f1820-1895 _gФридрих _931083 _3RU\NLR\AUTH\7748148 |
|
| 801 | 0 |
_aRU _bNLR _gpsbo |
|
| 801 | 1 |
_aRU _bELAR _2rusmarc |
|
| 852 |
_aNLR _jМЭ 1-52/2-12 |
||
| 942 | _cBOOK | ||
| 980 | _aNB | ||